Off The Wall Tracklist (Michael Jackson) - Statistics

General Stats
  • This quiz has been taken 37 times
  • The average score is 8 of 10
Answer Stats
Hint Answer % Correct
5 Off The Wall
92%
2 Rock With You
92%
6 Girlfriend
88%
10 Burn This Disco Out
84%
7 She's Out Of My Life
76%
4 Get On The Floor
72%
1 Don't Stop 'Till You Get Enough
68%
8 I Can't Help It
68%
3 Workin' Day and Night
68%
9 It's The Falling In Love
64%
No matching quizzes found
Score Distribution
Percent of People with Each Score
Percentile by Number Answered
Your Score History
You have not taken this quiz